000 00625nam a2200205Ia 4500
003 OSt
005 20251009102639.0
008 210210b1982 xxu||||| |||| 00| 0 eng d
040 _cAL
041 _aKannada
082 _aK894.3 DVIK
100 _aDVIJENDRANATHA MISHRA.
_dದ್ವಿಜೇಂದ್ರನಾಥ ಮಿಶ್ರ
_9241852
245 _aCollege girl
_bಕಾಲೇಜ್ ಗರ್ಲ್
260 _aBengaluru
_bRajkamal Prakashana
_c1982
300 _aiv,96
690 _aKannada Fiction
_9241853
700 _aS Revanna
_dಎಸ್ ರೇವಣ್ಣ tr
_9241854
906 _aSG00021
942 _2ddc
_cBK
999 _c111142
_d111142